Joueurs de foot italien - Statistiques

Statistiques générales
  • Ce quiz a été pris 130 fois
  • Le résultat moyen est 21 sur 30
Statistiques - réponses
Par images Réponse % Correct
Donnarumma
100%
Buffon
98%
Totti
98%
Verratti
98%
Balotelli
96%
Pirlo
96%
Chiellini
93%
Maldini
93%
Bonucci
91%
Cannavaro
89%
Kean
86%
Del Piero
85%
Barella
83%
Gattuso
83%
Nesta
79%
Motta
77%
De Rossi
76%
Inzaghi
64%
Baresi
63%
El Shaarawy
63%
Zambrotta
56%
Retegui
54%
Zoff
51%
Grosso
50%
Acerbi
48%
Rossi
43%
Vieri
38%
Gilardino
19%
Rivera
12%
Toldo
10%
Aucun quiz correspondant
Distribution des résultats
% des personnes avec chaque résultat
Percentile par nombre de réponses
Votre historique - résultats
Vous n’avez pas pris ce quiz